=LDR 00000nam 2200000 4500 =001 INLIS000000000057867 =005 20210521014513 =035 ##$$a 0010-0521000082 =007 ta =008 210521###########################0#ind## =020 ##$$a 978-623-244-152-1 =082 ##$$a 153.8 =084 ##$$a 153.8 Kin b =245 1#$$a Baca buku ini saat engkau gagal : $b Sesungguhnya berpura - pura sukses itu melelahkan /$c Kinanti Linda R =300 ##$$a 214 halaman : $b Ilustrasi ; $c 21 cm =650 #4$$a Motivasi ( Psikologi ) =700 #$$a Penyunting ; Herman Adamson =264 ##$$a Yogyakarta :$b Psikologi corner,$c 2020 =336 ##$$a teks$2 rdacontent =337 ##$$a lain-lain$2 rdamedia =338 ##$$a lain-lain$2 rdacarrier =990 ##$$a 03500350